Statistics for Municipalities in Salem County, New Jersey - Map Quiz

Click here to take the quiz!

General Stats

  • This quiz has been taken 7 times
  • The average score is 12 of 15

Answers on the Map

Answers color-coded by a green-red scale on the quiz's map according to % correct below.
 

Answer Stats

Answer% Correct
Carneys Point Township
100%
Penns Grove
100%
Elmer
86%
Lower Alloways Creek Township
86%
Oldmans Township
86%
Pittsgrove Township
86%
Quinton Township
86%
Salem
86%
Upper Pittsgrove Township
86%
Alloway Township
71%
Elsinboro Township
71%
Mannington Township
71%
Pennsville Township
71%
Woodstown
71%
Pilesgrove Township
57%

Score Distribution

Percentile by Number Answered

Percent of People with Each Score

Your Score History

You have not taken this quiz